Peacemaking in international conflict : (Record no. 330069)

000 -LEADER
fixed length control field 02535cam a2200373 a 4500
001 - CONTROL NUMBER
control field 14974310
003 - CONTROL NUMBER IDENTIFIER
control field NUST
005 - DATE AND TIME OF LATEST TRANSACTION
control field 20170607111940.0
008 - FIXED-LENGTH DATA ELEMENTS--GENERAL INFORMATION
fixed length control field 070821s2007 dcua b 001 0 eng
010 ## - LIBRARY OF CONGRESS CONTROL NUMBER
LC control number 2007034632
020 ## - INTERNATIONAL STANDARD BOOK NUMBER
International Standard Book Number 9781929223664 (pbk. : alk. paper)
035 ## - SYSTEM CONTROL NUMBER
System control number (OCoLC)ocn166290722
040 ## - CATALOGING SOURCE
Original cataloging agency DLC
Transcribing agency DLC
Modifying agency BAKER
-- BTCTA
-- C#P
-- YDXCP
-- VVC
-- HEBIS
-- DLC
050 00 - LIBRARY OF CONGRESS CALL NUMBER
Classification number JZ6010
Item number .P42 2007
082 00 - DEWEY DECIMAL CLASSIFICATION NUMBER
Classification number 327.172
Edition number 22
Author Mark PEA 2007
245 00 - TITLE STATEMENT
Title Peacemaking in international conflict :
Remainder of title methods & techniques /
Statement of responsibility, etc. I. William Zartman, editor.
250 ## - EDITION STATEMENT
Edition statement Rev. ed.
260 ## - PUBLICATION, DISTRIBUTION, ETC.
Place of publication, distribution, etc. Washington, D.C. :
Name of publisher, distributor, etc. United States Institute of Peace,
Date of publication, distribution, etc. 2007.
300 ## - PHYSICAL DESCRIPTION
Extent ix, 505 p. :
Other physical details ill. ;
Dimensions 23 cm.
504 ## - BIBLIOGRAPHY, ETC. NOTE
Bibliography, etc. note Includes bibliographical references and index.
505 0# - FORMATTED CONTENTS NOTE
Formatted contents note The conflict resolution field: origins, growth, and differentiation / Louis Kriesberg -- Social-psychological dimensions of international conflict / Herbert C. Kelman -- Negotiating in the international context / Daniel Druckman -- Mediation in international conflicts: theory, practice, and developments / Jacob Bercovitch -- Adjudication: international arbitral tribunals and courts / Richard B. Bilder -- Interactive conflict resolution / Ronald J. Fisher -- Religion and peacebuilding / Cynthia Sampson -- Addressing conflict through education / Pamela R. Aall, Jeffrey W. Helsing, Alan C. Tidwell -- Dealing with conflict: the contributions of training / George F. Ward Jr., J. Michael Lekson -- Sanctions and stability pacts: the economic tools of peacemaking / David Cortright -- The role of force in peacemaking / Jane Hall Lute.
650 #0 - SUBJECT ADDED ENTRY--TOPICAL TERM
Topical term or geographic name entry element Pacific settlement of international disputes.
9 (RLIN) 2139
650 #0 - SUBJECT ADDED ENTRY--TOPICAL TERM
Topical term or geographic name entry element Diplomatic negotiations in international disputes.
9 (RLIN) 2140
650 #0 - SUBJECT ADDED ENTRY--TOPICAL TERM
Topical term or geographic name entry element Mediation, International.
9 (RLIN) 2141
650 #0 - SUBJECT ADDED ENTRY--TOPICAL TERM
Topical term or geographic name entry element Arbitration (International law)
9 (RLIN) 2142
650 #0 - SUBJECT ADDED ENTRY--TOPICAL TERM
Topical term or geographic name entry element Conflict management
General subdivision Methodology.
9 (RLIN) 2143
700 1# - ADDED ENTRY--PERSONAL NAME
Personal name Zartman, I. William.
9 (RLIN) 2144
856 41 - ELECTRONIC LOCATION AND ACCESS
Materials specified Table of contents only
Uniform Resource Identifier <a href="http://www.loc.gov/catdir/toc/ecip0725/2007034632.html">http://www.loc.gov/catdir/toc/ecip0725/2007034632.html</a>
906 ## - LOCAL DATA ELEMENT F, LDF (RLIN)
a 7
b cbc
c orignew
d 1
e ecip
f 20
g y-gencatlg
942 ## - ADDED ENTRY ELEMENTS (KOHA)
Source of classification or shelving scheme
Koha item type Book
Holdings
Withdrawn status Lost status Source of classification or shelving scheme Damaged status Not for loan Collection code Permanent Location Current Location Shelving location Date acquired Total Checkouts Full call number Barcode Date last seen Price effective from Koha item type
            Centre for International Peace & Stability (CIPS) Centre for International Peace & Stability (CIPS) General Stacks 06/07/2017   327.172 PEA 2007 CIPS0002873 06/07/2017 06/07/2017 Book
© 2023 Central Library, National University of Sciences and Technology. All Rights Reserved.